The dragonbone chair / (Record no. 328559)

000 -LEADER
fixed length control field 01028cam a2200289 a 4500
001 - CONTROL NUMBER
control field 3407861
003 - CONTROL NUMBER IDENTIFIER
control field Nust
005 - DATE AND TIME OF LATEST TRANSACTION
control field 20170412103800.0
008 - FIXED-LENGTH DATA ELEMENTS--GENERAL INFORMATION
fixed length control field 890926s1988 nyua 000 1 eng
010 ## - LIBRARY OF CONGRESS CONTROL NUMBER
LC control number 89189316
020 ## - INTERNATIONAL STANDARD BOOK NUMBER
International Standard Book Number 9781857236163
Terms of availability $19.95
040 ## - CATALOGING SOURCE
Original cataloging agency DLC
Transcribing agency DLC
Modifying agency DLC
050 00 - LIBRARY OF CONGRESS CALL NUMBER
Classification number PS3573.I45563
Item number D7 1988
082 00 - DEWEY DECIMAL CLASSIFICATION NUMBER
Classification number 813.54
Author Mark WIL
100 1# - MAIN ENTRY--PERSONAL NAME
Personal name Williams, Tad.
245 14 - TITLE STATEMENT
Title The dragonbone chair /
Statement of responsibility, etc. Tad Williams.
260 ## - PUBLICATION, DISTRIBUTION, ETC.
Place of publication, distribution, etc. New York :
Name of publisher, distributor, etc. DAW Books,
Date of publication, distribution, etc. 1988.
300 ## - PHYSICAL DESCRIPTION
Extent 930 p. :
Other physical details ill. ;
Dimensions 24 cm.
490 1# - SERIES STATEMENT
Series statement Memory, sorrow, and thorn ;
Volume/sequential designation bk. 1
500 ## - GENERAL NOTE
General note First vol. in a trilogy.
655 #7 - INDEX TERM--GENRE/FORM
Genre/form data or focus term Fantastic fiction.
Source of term gsafd
800 1# - SERIES ADDED ENTRY--PERSONAL NAME
Personal name Williams, Tad.
Title of a work Memory, sorrow, and thorn ;
Volume/sequential designation bk. 1.
856 42 - ELECTRONIC LOCATION AND ACCESS
Materials specified Contributor biographical information
Uniform Resource Identifier <a href="http://www.loc.gov/catdir/enhancements/fy1206/89189316-b.html">http://www.loc.gov/catdir/enhancements/fy1206/89189316-b.html</a>
906 ## - LOCAL DATA ELEMENT F, LDF (RLIN)
a 7
b cbc
c orignew
d 2
e ncip
f 19
g y-gencatlg
942 ## - ADDED ENTRY ELEMENTS (KOHA)
Source of classification or shelving scheme
Koha item type Book
Holdings
Withdrawn status Lost status Source of classification or shelving scheme Damaged status Not for loan Permanent Location Current Location Shelving location Date acquired Total Checkouts Total Renewals Full call number Barcode Checked out Date last seen Date last checked out Copy number Price effective from Koha item type
          Central Library (CL) Central Library (CL) Fiction 04/12/2017 4 3 813.54 WIL CL1218 04/10/2026 03/11/2026 03/11/2026 1 04/12/2017 Book
© 2023 Central Library, National University of Sciences and Technology. All Rights Reserved.